| 000 | 01406cad a22002655a 4500 | ||
|---|---|---|---|
| 001 | L151096 | ||
| 008 | 100929s2009 xxk f 000 0 eng d | ||
| 020 | _a9781444301175 | ||
| 035 | _a(Sirsi) u151096 | ||
| 041 | 0 | _aeng | |
| 050 | 0 | 4 | _a343.420 $2 18 |
| 100 | 1 | _aBarnes, Peter | |
| 245 | 0 | 0 |
_aSub-contracting under the JCT 2005 forms _h[electronic resource] |
| 260 |
_aOxford _bWiley-Blackwell _c2009 |
||
| 300 | _aeBook | ||
| 520 | _aThis ebook is a companion to Peter Barnes' first book, "The JCT 05 Standard Building Sub-Contract", this book deals with all the other JCT 05 subcontracts including: design and build subcontract, Major Project Subcontract, Intermediate Subcontract, Intermediate Subcontract with subcontractor's design, Intermediate Named Subcontract, Short Form of Subcontract and the Sub-Subcontract. The book is organised around issues, such as payment, time, variations, and loss and/or expense, and, where appropriate it compares and contrasts the differing approaches of individual subcontracts. The book features a range of standard letters. | ||
| 590 | _aka ntk | ||
| 650 | 2 | 4 | _aJOINT CONTRACTS TRIBUNAL |
| 650 | 2 | 4 | _aEBOOK |
| 651 | 4 | _aENGLAND AND WALES | |
| 690 | _aBUILT ENVIRONMENT-BUILDING CONTRACT FORMS | ||
| 700 | 1 | _aDavies, Matthew | |
| 856 | 4 | 8 |
_uhttps://www.vlebooks.com/ _zView on VLEbooks. Logins for members only from [email protected] |
| 942 | _n0 | ||
| 999 |
_c111149 _d111149 |
||